| 000 | 01009cam a2200145 4500500 | ||
|---|---|---|---|
| 005 | 20251214002714.0 | ||
| 041 | _afre | ||
| 042 | _adc | ||
| 100 | 1 | 0 |
_aBragantini-Maillard, Nathalie _eauthor |
| 700 | 1 | 0 |
_aDenoyelle, Corinne _eauthor |
| 245 | 0 | 0 | _aCent verbes conjugués en français médiéval |
| 260 |
_bArmand Colin,
_c2012. |
||
| 520 | _aCet ouvrage est un recueil de tableaux de conjugaison, à la manière du Bescherelle du français moderne qui permet d'identifier une forme verbale rapidement et précisément. Les étudiants et les candidats aux concours pourront mieux appréhender les spécificités du verbe en ancien et moyen français et faire face à la grande variété formelle et régionale du français médiéval. Sans oublier les enseignants chercheurs qui disposeront enfin d’un ouvrage-repère facile d’emploi, véritable aide-mémoire. | ||
| 856 | 4 | 1 | _uhttps://shs.cairn.info/cent-verbes-conjugues-en-francais-medieval--9782200274429?lang=fr&redirect-ssocas=7080 |
| 999 |
_c1567353 _d1567353 |
||